Mycology and microbiology: A textbook for UG and PG courses (Record no. 395723)

MARC details
000 -LEADER
fixed length control field 00614 a2200229 4500
005 - DATE & TIME
control field 20260121105113.0
008 - FIXED-LENGTH DATA ELEMENTS--GENERAL INFORMATION
fixed length control field 260119b |||||||| |||| 00| 0 eng d
020 ## - ISBN
International Standard Book Number 9788172339890
Price Rs. 4495.00
040 ## - CATALOGING SOURCE
Original cataloging agency VIVEKANANDA LIBRARY
082 ## - DDC NUMBER
Classification number 579
Book Number M317M
100 ## - MAIN ENTRY--PERSONAL NAME
Personal name Manoharachary, C
245 ## - TITLE STATEMENT
Title Mycology and microbiology: A textbook for UG and PG courses
260 ## - PUBLICATION, DISTRIBUTION, ETC. (IMPRINT)
Name of publisher, distributor, etc Scientific Publishers
Date of publication, distribution, etc 2025
Place of publication, distribution, etc Jodhpur
300 ## - PHYSICAL DESCRIPTION
Pages xvi, 607
650 ## - Subject
Subject Mycology
650 ## - Subject
Subject Microbiology
650 ## - Subject
Subject Microorganisms
700 ## - Added Entry Personal Name
Added Entry Personal Name Tilak, K V B R
700 ## - Added Entry Personal Name
Added Entry Personal Name Mallaiah, K V
700 ## - Added Entry Personal Name
Added Entry Personal Name Kunwar, I K
942 ## - ADDED ENTRY ELEMENTS (KOHA)
Koha item type Books
Holdings
Withdrawn status Lost status Source of classification or shelving scheme Damaged status Not for loan Location (home branch) Sublocation or collection (holding branch) Shelving location Date acquired Koha issues (times borrowed) Koha full call number Accession No. Koha date last seen Koha item type
    Dewey Decimal Classification     VIVEKANANDA LIBRARY VIVEKANANDA LIBRARY Vivekananda Library 05/01/2026   579 M317M 444203 05/01/2026 Books
© Designed and Maintained by Vivekananda Library, MDU Rohtak